000
00314 a2200133 4500
082
_a
297.4
090
_c
6031
_d
6031
100
_a
Stoddart,William.
245
_a
SUFISM.
_c
William Stoddart.
260
_a
Lahore.
_b
Suhail Academy.
_c
1999.
300
_a
91p.
500
_a
Hardcover.
942
_a
NBS
_c
BK
_k
297.4 STO
999
_c
348420
_d
348420